| 000 | 00597nam a2200205Ia 4500 | ||
|---|---|---|---|
| 003 | GCL | ||
| 008 | 140319s9999 xx 000 0 ara d | ||
| 040 |
_aGCL / _cGCL |
||
| 082 | 0 | 4 |
_a808.82 _bه م |
| 100 | 1 | _aرشاد رشدى | |
| 245 | 1 | 0 |
_aمختارات من المسرحيات القصيرة / _cرشاد رشدى |
| 700 | 1 | _aهدى خشبة | |
| 700 | 1 | _aنادية ابوالمجد | |
| 300 | _a323 ص | ||
| 490 |
_aالالف كتاب _v0 |
||
| 650 | 0 | 4 | _aالادب العربى |
| 650 | 0 | 4 | _aالمسرحيات |
| 650 | 0 | 4 | _aالمسرحيات - مجموعات |
| 942 |
_2ddc _cBK |
||
| 999 |
_c49849 _d49849 |
||